[Event "Manitoba-ch"]
[Site "Winnipeg"]
[Date "2014.09.10"]
[Round "3"]
[White "Iyer, CN."]
[Black "Lipnowski, Samuel"]
[Result "1-0"]
[WhiteElo "2048"]
[BlackElo "2171"]
[PlyCount "35"]
[EventDate "2014.05.06"]
[EventType "k.o."]
[EventRounds "4"]
[EventCountry "CAN"]
[SourceTitle "EXT 2019"]
[Source "ChessBase"]
[SourceDate "2018.10.10"]
[SourceVersion "1"]
[SourceVersionDate "2018.10.10"]
[SourceQuality "1"]

1. e4 c5 2. Nf3 d6 3. c3 e6 4. d4 d5 5. e5 Nc6 6. Bd3 Qb6 7. 0-0 cxd4 8. cxd4 Bd7 9. Nc3 Nxd4 10. Nxd4 Qxd4 11. Nb5 Qxe5 12. f4 Qb8 13. f5 e5 14. Re1 a6 15. Bf4 axb5 16. Bxe5 Qc8 17. Bxg7+ Be7 18. f6 1-0

[Event "Manitoba-ch"]
[Site "Winnipeg"]
[Date "2014.07.12"]
[Round "2"]
[White "Iyer, CN."]
[Black "Babb, Jeff"]
[Result "0-1"]
[WhiteElo "2048"]
[BlackElo "2111"]
[PlyCount "91"]
[EventDate "2014.05.06"]
[EventType "k.o."]
[EventRounds "4"]
[EventCountry "CAN"]
[SourceTitle "EXT 2019"]
[Source "ChessBase"]
[SourceDate "2018.10.10"]
[SourceVersion "1"]
[SourceVersionDate "2018.10.10"]
[SourceQuality "1"]

1. e4 e5 2. Bc4 Nf6 3. Nc3 Nc6 4. d3 Na5 5. Bg5 Nxc4 6. dxc4 Bb4 7. Nge2 h6 8. Bh4 d6 9. a3 Bxc3+ 10. Nxc3 Be6 11. Qe2 g5 12. Bg3 Qe7 13. 0-0-0 0-0-0 14. f3 Nh5 15. Qe3 b6 16. Nd5 Bxd5 17. cxd5 Qd7 18. Bf2 Nf4 19. g3 Ng6 20. Qd3 Kb8 21. Qa6 Qc8 22. Qb5 Qd7 23. Qa6 Ne7 24. Rhe1 Qc8 25. Qb5 Kb7 26. Rd3 Qd7 27. Qc4 Rdf8 28. a4 a5 29. g4 Ra8 30. Rb3 f6 31. Rb5 Ra6 32. Kb1 h5 33. h3 hxg4 34. hxg4 Rh3 35. Re3 Rh2 36. Qf1 Qe8 37. Bg3 Rh7 38. Rc3 Nc8 39. Qc4 Na7 40. Rbb3 Qd8 41. Re3 Rh1+ 42. Re1 Rh3 43. Bf2 Nc8 44. Ra3 Ne7 45. b4 axb4 46. Qxb4 0-1

[Event "Manitoba-ch"]
[Site "Winnipeg"]
[Date "2014.06.22"]
[Round "2"]
[White "Babb, Jeff"]
[Black "Iyer, CN."]
[Result "0-1"]
[WhiteElo "2111"]
[BlackElo "2048"]
[PlyCount "72"]
[EventDate "2014.05.06"]
[EventType "k.o."]
[EventRounds "4"]
[EventCountry "CAN"]
[SourceTitle "EXT 2019"]
[Source "ChessBase"]
[SourceDate "2018.10.10"]
[SourceVersion "1"]
[SourceVersionDate "2018.10.10"]
[SourceQuality "1"]

1. f4 d5 2. e3 Nf6 3. Nf3 Bg4 4. h3 Bxf3 5. Qxf3 e6 6. b3 Ne4 7. g3 Be7 8. Rg1 Bf6 9. c3 0-0 10. Bd3 Nd6 11. Na3 c5 12. Bb2 a6 13. g4 g6 14. g5 Bg7 15. h4 b5 16. Nc2 Nd7 17. h5 Re8 18. 0-0-0 c4 19. Be2 a5 20. b4 axb4 21. Nxb4 Qb6 22. Rdf1 Ne4 23. Bd1 Ra7 24. Bc2 Ndc5 25. Rh1 Rea8 26. Rh2 Rxa2 27. Rfh1 Rxb2 28. Kxb2 Qa5 29. Kc1 Qa1+ 30. Bb1 Nb3+ 31. Kc2 Bxc3 32. Qxe4 Qb2+ 33. Kd1 dxe4 34. dxc3 Qxb1+ 35. Ke2 Qb2+ 36. Kf1 Ra1# 0-1